Los asturianos y sus cosas (Record no. 95005)

MARC details
000 -LEADER
campo de control de longitud fija 00644nam a2200181 i 4500
001 - NÚMERO DE CONTROL
campo de control 95005
003 - IDENTIFICADOR DE NÚMERO DE CONTROL
campo de control ES-MaACL
005 - FECHA Y HORA DE LA ÚLTIMA TRANSACCIÓN
campo de control 20230906181618.0
007 - CAMPO FIJO DE DESCRIPCIÓN FÍSICA--INFORMACIÓN GENERAL
campo de control de longitud fija t|
008 - DATOS DE LONGITUD FIJA--INFORMACIÓN GENERAL
campo de control de longitud fija 050519s1972 sp ||||1| spa d
100 1# - ENTRADA PRINCIPAL--NOMBRE DE PERSONA
Nombre de persona Luis, Carlos María de.
9 (RLIN) 74678
245 14 - MENCIÓN DEL TÍTULO
Título Los asturianos y sus cosas
Resto del título : desde la Prehistoria a los Reyes Católicos /
Mención de responsabilidad, etc. con texto y dibujos de Carlos María de Luis; prólogo de Manuel F. Avello.
260 ## - PUBLICACIÓN, DISTRIBUCIÓN, ETC.
Lugar de publicación, distribución, etc. Oviedo :
Nombre del editor, distribuidor, etc. La Nueva España,
Fecha de publicación, distribución, etc. 1972.
300 ## - DESCRIPCIÓN FÍSICA
Extensión 242 p., 3 h. :
Otras características físicas il. ;
Dimensiones 22 cm.
700 1# - ENTRADA AGREGADA--NOMBRE PERSONAL
Nombre de persona Fernández Avello, Manuel.
9 (RLIN) 49490
710 2# - ENTRADA AGREGADA--NOMBRE DE ENTIDAD CORPORATIVA
Nombre de entidad corporativa o nombre de jurisdicción como elemento de entrada La Nueva España.
9 (RLIN) 5464
852 ## - LOCALIZACIÓN
Ubicación ES-MaACL
Número de control de estantería C-47235
Sublocalización o colección R.83223
Holdings
Estatus retirado Estado de pérdida Estado de daño No para préstamo Biblioteca de origen Biblioteca actual Ubicación en estantería Fecha de adquisición Fuente de adquisición Total de préstamos Signatura topográfica completa Código de barras Visto por última vez Precio de reemplazo Tipo de ítem Koha
        Biblioteca del Ateneo de Madrid Biblioteca del Ateneo de Madrid Depósito 2 17/01/2008     C-47235 1099213 23/02/2023 23/02/2023 Libro impreso